La doctrina espiritual / (Registro nro. 14057)

Detalles MARC
000 -LIDER
fixed length control field 01075nam a22003257a 4500
003 - IDENTIFICACDOR DE NÚMERO DE CONTROL
control field DO-SdBNP
005 - DATE AND TIME OF LATEST TRANSACTION
control field 20220310093158.0
008 - ELEMENTOS DE LONGITUD FIJA
fixed length control field 171121b2002 sp |||| 00| 0 spa d
020 ## - ISBN
International Standard Book Number 8497150287
040 ## - FUENTE DE CATALOGACIÓN
Agencia que crea de manera original el registro BPMSU
Idioma de catalogación spa
Agencia que realiza la transcripción BPMSU
082 ## - NÚMERO DE CLASIFICACIÓN DECIMAL DE DEWEY
Classification number 291.4
Item number L929d 2002
Edition number 22
092 ## - LOCALLY ASSIGNED DEWEY DECIMAL CALL NUMBER
Número de clasificación xxxx
Número de ítem (Cutter) xxxx
100 1# - ASIENTO PRINCIPAL -- NOMBRE PERSONAL
Nombre personal Lubich, Chiara,
Fechas asociadas con el nombre 1920-2008.
245 10 - MENCIÓN DE TITULO
Título La doctrina espiritual /
Mención de responsabilidad Chiara Lubich ; preparado por Michel Vandeleene ; con introducciones de Piero Coda y Jesús Castellano.
260 ## - PUBLICACIÓN, DISTRIBUCIÓN, ETC. (PIE DE IMPRENTA)
Lugar de publicación, distribución, etc Madrid :
Nombre del editor, distribuidor, etc. Ciudad Nueva,
Fecha de publicación, distribución, etc 2002
300 ## - DESCRIPCIÓN FÍSICA
Extensión 480 p. ;
Dimensiones 23 cm.
490 0# - MENCIÓN DE SERIES
Mención de serie Espiritualidad. Una espiritualidad para nuestro tiempo
534 ## - NOTA SOBRE LA VERSIÓN ORIGINAL
Asiento principal del original Título original :
Mención del título original La dottrina spirituale.
650 #4 - ENCABEZAMIENTO DE MATERIA--TEMÁTICO
Término temático o nombre geográfico como elemento de entrada Espiritualidad.
650 #4 - ENCABEZAMIENTO DE MATERIA--TEMÁTICO
Término temático o nombre geográfico como elemento de entrada Vida espiritual.
650 #4 - ENCABEZAMIENTO DE MATERIA--TEMÁTICO
Término temático o nombre geográfico como elemento de entrada Vida cristiana.
650 #4 - ENCABEZAMIENTO DE MATERIA--TEMÁTICO
Término temático o nombre geográfico como elemento de entrada Interpretación de la biblia.
700 1# - ASIENTO SECUNDARIO -- NOMBRE PERSONAL
Nombre personal Vandeleene, Michel.
700 1# - ASIENTO SECUNDARIO -- NOMBRE PERSONAL
Nombre personal Coda, Piero.
700 1# - ASIENTO SECUNDARIO -- NOMBRE PERSONAL
Nombre personal Castellano, Jesús.
910 ## - VALIDACIÓN
Validación VMateo V.
942 ## - ADDED ENTRY ELEMENTS (KOHA)
Source of classification or shelving scheme Dewey Decimal Classification
Koha item type Libros
945 ## - INFORMACIÓN DE PROCESAMIENTO LOCAL
Información de procesamiento local inventariado extranjero / DG
956 ## - LOCAL ELECTRONIC LOCATION AND ACCESS (OCLC)
Nombre de host LOPEREZ
Número de acceso 10
Información de compresión 20171121
Procesador de solicitud 0041
Instrucción BPMSU
Existencias
Withdrawn status Lost status Source of classification or shelving scheme Damaged status Not for loan Collection code Home library Current library Date acquired Total Checkouts Full call number Barcode Date last seen Price effective from Koha item type
    Dewey Decimal Classification     Colección Dominicana Biblioteca Pública Metropolitana Salomé Ureña Biblioteca Pública Metropolitana Salomé Ureña 03/10/2022   BPMSU CG 291.4 L929d 2002 BPMSU22030017 03/10/2022 03/10/2022 Libros